MARC

LEADER 00000nam0a2200000 4500
001 317559
005 20231102003004.0
020 |a RU  |b 82-69201 
035 |a (RuTPU)RU\TPU\book\343027 
090 |a 317559 
100 |a 20160411d1982 km y0rusy5003 ca 
101 0 |a rus 
102 |a RU 
105 |a a z 101zy 
200 1 |a Автоматизация программирования аналого-цифровых и микропроцессорных систем  |e материалы семинара  |f Общество "Знание" РСФСР ; Московский Дом научно-технической пропаганды 
210 |a Москва  |c Изд-во МДНТП  |d 1982 
215 |a 164 с.  |c ил. 
320 |a Библиогр. в конце ст. 
606 1 |a Вычислительные системы микропроцессорные  |x Программирование  |2 stltpush  |3 (RuTPU)RU\TPU\subj\4346 
606 1 |a Аналого-цифровые вычислительные системы  |2 stltpush  |3 (RuTPU)RU\TPU\subj\29028  |9 52445 
610 1 |a вычислительные системы гибридные 
610 1 |a вычислительные системы на больших интегральных схемах 
610 1 |a автоматизация 
610 1 |a семинары 
610 1 |a микро-ЭВМ 
610 1 |a программное обеспечение 
610 1 |a проектирование 
610 1 |a диалоговые системы 
675 |a 681.325.5-181.48.06(063)  |z rus  |v 3 
675 |a 681.34(063)  |z rus  |v 3 
712 0 2 |a Общество "Знание" РСФСР  |c (Москва)  |2 stltpush  |3 (RuTPU)RU\TPU\col\7484 
712 0 2 |a Московский Дом научно-технической пропаганды  |2 stltpush  |3 (RuTPU)RU\TPU\col\7885  |9 24405 
712 1 2 |a Автоматизация программирования аналого-цифровых и микропроцессорных систем  |c семинар  |e Москва  |f 1982  |4 570 
801 0 |a RU  |b RuMRKP  |c 19950704  |g psbo 
801 1 |a RU  |b 63413507  |c 20160411 
801 2 |a RU  |b 63413507  |c 20191210  |g RCR 
942 |c BK